000 00815nam a2200181 4500
999 _c8307
_d8307
020 _a9788125919018
050 _aRA790
_b.J11
100 _aJacob Alphonsa
245 _aHandbook of Psychiatric Nursing
_cAlphonsa; Jacob
250 _aSecond edition
260 _aNew Delhi:
_bVikas Publishing Hse.;
_c2007.
300 _a381pp
_c20cm
500 _aGlossary
505 _aUnit 1. Introduction Unit 2. Evolution of psychiatry Unit 3. Symptomatology Unit 4. Mental health assessment Unit 5. Community mental health Unit 6. Psychiatric nursing practices Unit 7. Mental disorders Unit 8. Bio-psychosocial therapies Unit 9. Somatic illnesses Unit 10. Crisis in psychiatric nursing Unit 11. Forensic psychiatry
650 _aPsychiatric nursing and research
650 _aClinical psychiatry
942 _cBK